00739 2200265 4500001002100000005001700021008004100038020001800079035002400097090001500121100001100136245007800147260005000225300003000275500002700305650001400332700001900346850001500365990002100380999001300401999001200414999001200426990001800438990001700456YOGYA-0209000000731620090227021017.0 ind  a979-695-629-2 0010-020900000007316 a657bWib P aWIBOWO aPengantar akuntansi : ikhtisar teori dan soal-soalcWibowo, Abubakar Arif aJakartabGramedia Widiasarana Indonesiac2003 avii, 151 hlmbilusc23 cm aBibliografi : hlm. 149 aAkuntansi aARIF, Abubakar aYOPDYOG(B) a39381-PD/A.09b1 a04P01252 a04P0153 a04P0154 a39381-PD/A.09 a1252-PB/P.04